| 000 | 00951nam a2200193Ia 4500 | ||
|---|---|---|---|
| 003 | OSt | ||
| 005 | 20241120140640.0 | ||
| 007 | ca aa aaaaa | ||
| 008 | 201103s9999 xx 000 0 und d | ||
| 040 | _cSSBUL | ||
| 041 | _abur | ||
| 082 |
_223 _a၂၉၄.၃၃၆၈ နိဗ် _b၉၃၇၈ S-SAT |
||
| 245 | 0 | 0 |
_aနိဗ္ဗာန်အမတသဘာဝနတ်လမ်းညွှန်၊ ဒုတိယတွဲ / _cကြည့်ကြပ်သူ ဓမ္မာစရိယပါဠိဆရာ-ဦးမြင့်သိန်း။ |
| 260 |
_aမုံရွာ ၊ _bချင်းတွင်းပုံနှိပ်တိုက်၊ _c[ခုနှစ်မပါ]။ |
||
| 300 |
_a၁၀၄ စာမျက်နှာ ၊ _c၁၈ စင်တီ။ |
||
| 500 | _aS-SAT: Dr. Sai Aung Tun | ||
| 650 |
_aဗုဒ္ဓဘာသာ _vနိဗ္ဗာန်လမ်းညွှန်။ _955386 |
||
| 942 |
_2ddc _cBK1 |
||
| 999 |
_c16878 _d16878 |
||